000 00624nam a2200181Ia 4500
008 090630s9999 xx 000 0 und d
082 _b13598
100 _aवाळिंबे शरच्चंद्र.
245 _aसयामी.
_cवाळिंबे शरच्चंद्र.
260 _bमनोरमा - मुंबई.
_c1987
300 _a232
600 _aवाळिंबे शरच्चंद्र.
630 _aसयामी.
655 _aकादंबरी.
700 _aवाळिंबे शरच्चंद्र.
730 _aसयामी.
942 _cBOOK
999 _c265454
_d265454